000 01200cam a22003497a 4500
003 CHAP
005 20220817043459.0
008 981013d1998 mx a r 00110 spa d
010 _a76371
011 _a77343
035 _a86948
040 _cCHAP
082 0 4 _a378.1
_bR4 1996-97
100 0 0 _aRentería Villa, Gustavo.
_995977
245 1 0 _aGuía nacional de universidades 1996-97
_c/por Gustavo Rentería Villa y Teodoro Raúl Rentería Villa
260 _aMéxico, D.F. :
_bComercial Libertas,
_c1996.
300 _a390 p. :
_bilus.
590 _aBATCH-UPD
_b10
_c20130110
_lUCH01
_h0446
590 _aBATCH-UPD
_b10
_c20130110
_lUCH01
_h2332
590 _aBATCH-UPD
_b10
_c20130410
_lUCH01
_h0122
590 _aBATCH-UPD
_b10
_c20130410
_lUCH01
_h1621
590 _aBATCH-UPD
_b10
_c20130914
_lUCH01
_h1246
590 _aCONVERSION
_b10
_c20130109
_lUCH01
_h1342
650 1 4 _aEducación superior.
650 1 4 _aUniversidades
_xDirectorios.
_9116616
650 1 4 _aUniversidades
_xMéxico.
_9116657
700 0 _aRentería Villa, Teodoro Raúl.
_995978
901 _aBK
905 _aAlejandra Carrasco M.
942 _cLIBRO
949 _a378.1 R4 1996-97
_bBC
_cC
_d33724000690483
_eC
_h92574
_i86948
_sb
999 _c76371
_d76371